|
|
|
|
| LEADER |
00725nab a2200169 i 4500 |
| 001 |
acta40 |
| 005 |
20210616155620.0 |
| 008 |
161015s1926 hu o 0|| ger d |
| 040 |
|
|
|a SZTE Egyetemi Kiadványok Repozitórium
|b hun
|
| 041 |
|
|
|a ger
|
| 100 |
2 |
|
|a Cs. Sebestyén Károly
|
| 245 |
1 |
4 |
|a Die älfeste Geschichte der Szegeder Festung (Abkürzung)
|h [elektronikus dokumentum] /
|c Cs. Sebestyén Károly
|
| 260 |
|
|
|c 1926
|
| 300 |
|
|
|a 154-157
|
| 490 |
0 |
|
|a Dolgozatok a Magyar Királyi Ferencz József Tudományegyetem Archaeologiai Intézetéből
|v 2
|
| 695 |
|
|
|a a város társadalmi és gazdasági funkciói, római kor, vár építőkövei
|
| 856 |
4 |
0 |
|u http://acta.bibl.u-szeged.hu/40/1/dolgozatok_1926_154-157.pdf
|z Dokumentum-elérés
|